Multivariate statistical process control : process monitoring methods and applications (Record no. 17455)

MARC details
000 -LEADER
fixed length control field 00617nam a2200217 a 4500
001 - CONTROL NUMBER
control field 154963
003 - CONTROL NUMBER IDENTIFIER
control field OSt
005 - DATE AND TIME OF LATEST TRANSACTION
control field 20211221171725.0
008 - FIXED-LENGTH DATA ELEMENTS--GENERAL INFORMATION
fixed length control field 170628 ### HIN
020 ## - INTERNATIONAL STANDARD BOOK NUMBER
International Standard Book Number 9781447145134
082 ## - DEWEY DECIMAL CLASSIFICATION NUMBER
Classification number 658.50011
Item number G29M
100 ## - MAIN ENTRY--PERSONAL NAME
Personal name Ge, Zhiqiang
245 ## - TITLE STATEMENT
Title Multivariate statistical process control : process monitoring methods and applications
Statement of responsibility, etc by Zhiqiang Ge, Zhihuan Song
260 ## - PUBLICATION, DISTRIBUTION, ETC. (IMPRINT)
Place of publication, distribution, etc London
Name of publisher, distributor, etc Springer
Date of publication, distribution, etc 2013
300 ## - PHYSICAL DESCRIPTION
Extent 630p.
653 ## - INDEX TERM--UNCONTROLLED
Uncontrolled term Multivariate analysis
653 ## - INDEX TERM--UNCONTROLLED
Uncontrolled term Process control
653 ## - INDEX TERM--UNCONTROLLED
Uncontrolled term Statistical methods
700 ## - ADDED ENTRY--PERSONAL NAME
Personal name Song, Zhihuan
942 ## - ADDED ENTRY ELEMENTS (KOHA)
Source of classification or shelving scheme Dewey Decimal Classification
Koha item type Books
Holdings
Withdrawn status Lost status Source of classification or shelving scheme Damaged status Not for loan Collection code Home library Current library Date acquired Source of acquisition Full call number Barcode Date last seen Price effective from Koha item type
    Dewey Decimal Classification     General Text Book Central University Of Rajasthan Central University Of Rajasthan 15/09/2015 STT(P) 658.50011 G29M 25114 21/11/2024 02/09/2020 Books